Central Library OPAC University of Rajshahi

Venomous reptiles / (Record no. 11121)

MARC details
000 -LEADER
fixed length control field 00866cam a2200277 4500
001 - CONTROL NUMBER
control field 11121
003 - CONTROL NUMBER IDENTIFIER
rucl marc code BD-RjUL
005 - DATE AND TIME OF LATEST TRANSACTION
control field 20211208235056.0
008 - FIXED-LENGTH DATA ELEMENTS--GENERAL INFORMATION
fixed length control field 140126t19711969nyua b 001 0 eng d
020 ## - INTERNATIONAL STANDARD BOOK NUMBER
International Standard Book Number 004598008x
035 ## - SYSTEM CONTROL NUMBER
System control number (BD-RjUL)11170
040 ## - CATALOGING SOURCE
Original cataloging agency DLC
Transcribing agency DLC
Modifying agency DLC
-- (BD-RjUL)
Language of cataloging eng
041 ## - LANGUAGE CODE
Language code of text/sound track or separate title eng
082 00 - DEWEY DECIMAL CLASSIFICATION NUMBER
Edition number 23
Classification number 597.9
Author mark and year MIV 1971
100 1# - MAIN ENTRY--PERSONAL NAME
Personal name Minton, Sherman A.
9 (RLIN) 34396
245 10 - TITLE STATEMENT
Title Venomous reptiles /
Statement of responsibility, etc. Sherman A. Minton, Jr. and Madge Rutherford Minton.
260 ## - PUBLICATION, DISTRIBUTION, ETC. (IMPRINT)
Place of publication, distribution, etc. London :
Name of publisher, distributor, etc. George Allen & Unwin Ltd,
Date of publication, distribution, etc. c1969 [Publishing 1971].
300 ## - PHYSICAL DESCRIPTION
Pagination xii, 274 p. :
Illustrations ill. ;
Size 22 cm.
350 ## - PRICE (NR) (BK AM CF MU VM SE) [OBSOLETE]
Price 7.95
504 ## - BIBLIOGRAPHY, ETC. NOTE
Bibliography, etc Includes bibliography and Index
650 #0 - SUBJECT ADDED ENTRY--TOPICAL TERM
Topical term or geographic name as entry element Poisonous snakes.
9 (RLIN) 34397
Topical term or geographic name as entry element Poisonous snakes
General subdivision Venom.
9 (RLIN) 34398
700 1# - ADDED ENTRY--PERSONAL NAME
Personal name Minton, Madge Rutherford,
Relator term joint author.
942 ## - ADDED ENTRY ELEMENTS (KOHA)
Source of classification or shelving scheme Dewey Decimal Classification
Koha item type Books
Holdings
Lost status Source of classification or shelving scheme Damaged status Not for loan Collection code Permanent Location Current Location Shelving location Date acquired Source of acquisition Cost, normal purchase price Total Checkouts Full call number Date last seen Copy number Koha item type
  Dewey Decimal Classification     Non-fiction Central Library, University of Rajshahi Central Library, University of Rajshahi   30/12/1980 Heffers 3.95   597.9 MIV 1971 26/01/2014 C-2 Books
  Dewey Decimal Classification   Not For Loan Non-fiction Central Library, University of Rajshahi Central Library, University of Rajshahi Reading Room 30/12/1980 Heffers 3.95   597.9 MIV 1971 20/05/2017 C-1 Books
  Dewey Decimal Classification     Non-fiction Central Library, University of Rajshahi Central Library, University of Rajshahi   30/12/1980 Heffers 3.95   597.9 MIV 1971 20/05/2017 C-3 Books